Co kojarzy się z Harrym Potterem? - Statystyki

Ogólne statystyki
  • Ten quiz został rozwiązany 194 razy
  • Średni wynik to 3 z 5
Statystyki odpowiedzi
Odpowiedź % Poprawnych
Różdżka
80%
Błyskawica | Blizna
72%
Okulary
64%
Miotła
58%
Sowa
48%
Nie znaleziono quizów pasujących do podanych kryteriów
Rozkład punktacji
Procent ludzi z każdym wynikiem
Percentyl według liczby udzielonych odpowiedzi
Twoja historia wyników
Nie rozwiązałeś tego quizu